Wheel of Time - Yellow Ajah Aes Sedai - Statistics

General Stats
  • This quiz has been taken 191 times
  • The average score is 23 of 41
Answer Stats
Aes Sedai % Correct
Nynaeve al'Meara
95%
Romanda Cassin
89%
Chesmal Emry
79%
Dagdara Finchey
74%
Doesine Alwain
74%
Magla Daronos
74%
Samitsu Tamagowa
74%
Nisao Dachen
68%
Sedore Dajenna
68%
Shemerin
68%
Ananda
63%
Atuan Larisett
63%
Ryma Galfrey
63%
Amico Nagoyin
58%
Larissa Lyndel
58%
Ludice Daneen
58%
Pritalle Nerbaijan
58%
Rosil
58%
Salita Toranes
58%
Suana Dragand
58%
Edesina Azzedin
53%
Gelarna
53%
Annharid Matoun
47%
Berenicia Morsad
47%
Carniele Emares
47%
Celestin Eguilera
47%
Corele Hovian
47%
Desandre Alraed
47%
Farellien
47%
Meramor
47%
Nalaene Forrell
47%
Narenwin Barda
47%
Talva
47%
Yuan
47%
Zenare Ghodar
47%
Beldemaine
42%
Cairlyn Nesolle
42%
Musarin
42%
Niere
42%
Shanelle
42%
Therva Maresis
42%
No matching quizzes found
Score Distribution
Percent of People with Each Score
Percentile by Number Answered
Your Score History
You have not taken this quiz